Object-oriented systems analysis and design using UML. (Record no. 1895)

000 -LEADER
fixed length control field 01284cam a2200433 a 4500
001 - CONTROL NUMBER
control field 16295338
003 - CONTROL NUMBER IDENTIFIER
control field OSt
005 - DATE AND TIME OF LATEST TRANSACTION
control field 20150629121246.0
008 - FIXED-LENGTH DATA ELEMENTS--GENERAL INFORMATION
fixed length control field 100621s2009 ch a b 001 0 chi
010 ## - LIBRARY OF CONGRESS CONTROL NUMBER
LC control number 2010396954
020 ## - INTERNATIONAL STANDARD BOOK NUMBER
International Standard Book Number 9789861576121
040 ## - CATALOGING SOURCE
Original cataloging agency DLC
Transcribing agency DLC
041 1# - LANGUAGE CODE
Language code of text/sound track or separate title chi
Language code of original and/or intermediate translations of text eng
042 ## - AUTHENTICATION CODE
Authentication code pcc
050 00 - LIBRARY OF CONGRESS CALL NUMBER
Classification number QA76.64.B455 2010
066 ## - CHARACTER SETS PRESENT
Alternate G0 or G1 character set $1
100 1# - MAIN ENTRY--PERSONAL NAME
Personal name Bennett, Simon,
Dates associated with a name 1956-
240 10 - UNIFORM TITLE
Language of a work
245 ## - TITLE STATEMENT
Title Object-oriented systems analysis and design using UML.
Statement of responsibility, etc Simon Bennet, Steve McRobb & Ray Farmer
250 ## - EDITION STATEMENT
Linkage
Edition statement 4th ed.
260 ## - PUBLICATION, DISTRIBUTION, ETC. (IMPRINT)
Linkage
Place of publication, distribution, etc Boston
Name of publisher, distributor, etc McGraw-Hill Publishers
Date of publication, distribution, etc 2010
300 ## - PHYSICAL DESCRIPTION
Extent 525 p. :
Other physical details ill. ;
Dimensions 26 cm. +
Accompanying material 1 CD
490 0# - SERIES STATEMENT
Linkage 880-04
Series statement Zi xun guan li xi lie cong shu ;
Volume number/sequential designation CM018
504 ## - BIBLIOGRAPHY, ETC. NOTE
Bibliography, etc Includes bibliographical references (p. 501-510) and index.
650 #0 - SUBJECT ADDED ENTRY--TOPICAL TERM
Topical term or geographic name as entry element Object-oriented programming (Computer science)
650 #0 - SUBJECT ADDED ENTRY--TOPICAL TERM
Topical term or geographic name as entry element System design.
650 #0 - SUBJECT ADDED ENTRY--TOPICAL TERM
Topical term or geographic name as entry element System analysis.
650 #0 - SUBJECT ADDED ENTRY--TOPICAL TERM
Topical term or geographic name as entry element UML (Computer science)
700 1# - ADDED ENTRY--PERSONAL NAME
Personal name McRobb, Steve.
700 1# - ADDED ENTRY--PERSONAL NAME
Personal name Farmer, Ray.
Fuller form of name
880 10 - ALTERNATE GRAPHIC REPRESENTATION
Linkage 245-01/$1
880 ## - ALTERNATE GRAPHIC REPRESENTATION
Linkage 250-02/$1
880 ## - ALTERNATE GRAPHIC REPRESENTATION
Linkage 260-03/$1
880 0# - ALTERNATE GRAPHIC REPRESENTATION
Linkage 490-04/$1
880 1# - ALTERNATE GRAPHIC REPRESENTATION
Linkage 700-08/$1
906 ## - LOCAL DATA ELEMENT F, LDF (RLIN)
a 7
b cbc
c orignew
d 3
e ncip
f 20
g y-nonroman
942 ## - ADDED ENTRY ELEMENTS (KOHA)
Source of classification or shelving scheme
Koha item type Book
Holdings
Withdrawn status Lost status Source of classification or shelving scheme Damaged status Not for loan Home library Current library Shelving location Date acquired Total Checkouts Full call number Barcode Date last seen Copy number Price effective from Koha item type Total Renewals Date checked out
          Riara University Library Riara University Library General stack 29/06/2015   QA76.64.B455 2010 6423/15 21/07/2015 C.1 29/06/2015 Book    
          Riara University Library Riara University Library General stack 29/06/2015   QA76.64.B455 2010 6424/15 29/06/2015 C.2 29/06/2015 Book    
          Riara University Library Riara University Library General stack 29/06/2015 2 QA76.64.B455 2010 6425/15 12/03/2016 C.3 29/06/2015 Book 2 17/02/2016

Riara University Library,
P.O. Box 49940-00100,
Nairobi, Kenya.